[Event "TUR-chT2"]
[Site "Konya"]
[Date "2018.07.14"]
[Round "7.11"]
[White "Gulerdil, Yagiz"]
[Black "Tokat, Furkan"]
[Result "1/2-1/2"]
[WhiteElo "1729"]
[BlackElo "1648"]
[PlyCount "127"]
[EventDate "2018.07.10"]
[EventType "team-swiss"]
[EventRounds "9"]
[EventCountry "TUR"]
[SourceTitle "EXT 2019"]
[Source "ChessBase"]
[SourceDate "2018.10.10"]
[SourceVersion "1"]
[SourceVersionDate "2018.10.10"]
[SourceQuality "1"]
[WhiteTeam "Sinop Kultur"]
[BlackTeam "Manisa Yunusembre"]
[WhiteTeamCountry "TUR"]
[BlackTeamCountry "TUR"]

1. d4 Nf6 2. Nf3 g6 3. g3 Bg7 4. Bg2 0-0 5. 0-0 d6 6. c4 Nc6 7. Nc3 a6 8. b3 Rb8 9. Bb2 Bd7 10. d5 Na5 11. Nd4 c5 12. dxc6 Nxc6 13. Nxc6 Bxc6 14. Bxc6 bxc6 15. Qc2 Qd7 16. Kg2 h5 17. h4 Ng4 18. Rab1 Qb7 19. e3 Ne5 20. f3 d5 21. c5 Nd7 22. Na4 e5 23. f4 f5 24. Rbc1 Rfe8 25. Rcd1 Qc8 26. a3 Qb7 27. b4 Qb5 28. Rf2 exf4 29. exf4 Bxb2 30. Nxb2 Re3 31. Nd3 Rbe8 32. Rdd2 Nf6 33. a4 Qb8 34. Rde2 Ng4 35. Qd2 d4 36. Rxe3 dxe3 37. Qa2+ Kg7 38. Re2 Qd8 39. Qb3 Qd4 40. Ne5 Qe4+ 41. Nf3 Rb8 42. Qc3+ Kg8 43. Qd4 Rxb4 44. Qd8+ Kf7 45. Qd7+ Kf8 46. Qd6+ Kf7 47. Qd7+ Kf8 48. Qd8+ Qe8 49. Qd6+ Kg7 50. Qc7+ Kf8 51. Ng5 Nf6 52. Qd6+ Qe7 53. Qxc6 Ne4 54. Nxe4 Qxe4+ 55. Qxe4 fxe4 56. Rxe3 Rxa4 57. Rc3 Ke7 58. Kf2 Kd7 59. c6+ Kc7 60. Ke3 Rb4 61. Rc5 Rb5 62. Rc4 Rb6 63. Kxe4 Rxc6 64. Ra4 1/2-1/2